00498nam a22001697a 450000500170000000800410001702000180005804100090007608200220008511000260010724500510013326000610018430000100024536500170025565100270027270000290029920240524171935.0240402b |||||||| |||| 00| 0 eng d a9781543346633 aeng. 22022a 614.1 /DUD aDudhe, Akshay Shivaji aIntroduction to Forensic Nursing & Indian Laws aJalandharbS.Vikas & company ( Medical Publishers)c2022 a79 p. aRsb195cRs. aFundamental of Nursing aDharmadhikari, Snehal M.